Modelovanie teplotných polí pri delení ocele kyslíkom s podporou experimentu = Thermal field modelling during oxygen cutting of steel supported by an experiment : Diplomová práca
Salvato in:
| Autore principale: | |
|---|---|
| Altri autori: | |
| Natura: | Manoscritto Libro |
| Lingua: | slovacco |
| Pubblicazione: |
Trnava :
STU v Bratislave MTF UVTE KZv,
2009
|
| Soggetti: | |
| Tags: |
Nessun Tag, puoi essere il primo ad aggiungerne!!
|
MARC
| LEADER | 00000ntm a22000003a 4500 | ||
|---|---|---|---|
| 001 | stu181916 | ||
| 005 | 20160719154404.3 | ||
| 008 | 090319s2009----xo------------------slo-d | ||
| 040 | |a STU |b slo | ||
| 041 | 0 | |a slo | |
| 044 | |a xo | ||
| 100 | 1 | |a Ženiš, Peter |4 aut | |
| 245 | 1 | |a Modelovanie teplotných polí pri delení ocele kyslíkom s podporou experimentu = Thermal field modelling during oxygen cutting of steel supported by an experiment : |b Diplomová práca | |
| 260 | |a Trnava : |b STU v Bratislave MTF UVTE KZv, |c 2009 | ||
| 300 | |a 82 s |c 1 CD-ROM | ||
| 500 | |a Študijný program: zváranie a spájanie materiálov | ||
| 500 | |a Študijný odbor: 5.2.51 výrobné technológie | ||
| 650 | 7 | |a rezanie plameňom |2 stusub | |
| 650 | 7 | |a modelovanie |2 stusub | |
| 650 | 7 | |a numerická simulácia |2 stusub | |
| 700 | 1 | |a Marônek, Milan, |d 1961- |4 xxx |u M3000 |U MTF Materiálovotechnologická fakulta |T MTF Ústav výrobných technológií |X 290 |U M3000 |Y 83 |7 A000000290 | |
| 700 | 1 | |a Taraba, Bohumil, |d 1953- |4 csl |u M2000 |U MTF Materiálovotechnologická fakulta |T MTF Ústav výrobných systémov a aplikovanej mechaniky |X 204 |U M2000 |Y 82 |7 A000000204 | |
| 996 | |b 284M070052 |c M*DP-7726 |l MMSKP |s P |a 0 |w stu181916_0001 | ||